Bệnh cườm mắt (và) bệnh cận thị

Guardado en:
Detalles Bibliográficos
Autor principal: Ngô Như Hòa
Formato: Libro
Lenguaje:Undetermined
Publicado: Tp. HCM Hội Y dược học 1987
Materias:
Etiquetas: Agregar Etiqueta
Sin Etiquetas, Sea el primero en etiquetar este registro!
Thư viện lưu trữ: Trung tâm Học liệu Trường Đại học Cần Thơ
LEADER 00558nam a2200181Ia 4500
001 CTU_7362
008 210402s9999 xx 000 0 und d
082 |a 614.5997 
082 |b H401 
100 |a Ngô Như Hòa 
245 0 |a Bệnh cườm mắt (và) bệnh cận thị 
245 0 |c Ngô Như Hòa 
260 |a Tp. HCM 
260 |b Hội Y dược học 
260 |c 1987 
650 |a eye - diseases,health education 
904 |i Nguyễn Quang Điền, 960601 
980 |a Trung tâm Học liệu Trường Đại học Cần Thơ